000 00443nam a2200181Ia 4500
001 15638
005 20260306170211.0
008 260306t2012||||xx |||||||||||||| ||und||
041 _aESP
082 _a570
_bA182
100 _aAudesirk, Teresa,
_eAUT
245 0 _aBiología :
_bla vida en la tierra con fisiología
260 _c2012
300 _a970 páginas :
_c27 cm.
650 _aGEN
654 _aCIA
942 _cLIB
_dJUS
_fJUS
_2ddc
_n
999 _c15638
_d15638